Loading...
Euclid - Creation of Mathematics /
| Hovedforfatter: | |
|---|---|
| Format: | Printed Book |
| Sprog: | English |
| Udgivet: |
New York :
Springer-Verlag,
1999.
|
| Fag: |
| LEADER | 00548nam a2200169Ia 4500 | ||
|---|---|---|---|
| 008 | 150624b xxu||||| |||| 00| 0 eng d | ||
| 020 | |a 0387984232 | ||
| 020 | |a 387984232 | ||
| 082 | |a 510 | ||
| 100 | |a Artmann, Benno | ||
| 245 | |a Euclid - Creation of Mathematics / |c Benno Artmann | ||
| 260 | |a New York : |b Springer-Verlag, |c 1999. | ||
| 300 | |a 343 p. | ||
| 650 | |x Mathematics. | ||
| 942 | |c BK | ||
| 999 | |c 51139 |d 51139 | ||
| 952 | |0 0 |1 0 |4 0 |6 510_000000000000000_ART_E |7 0 |9 51117 |a UL |b UL |c ST1 |d 2012-10-27 |l 6 |o 510 ART/E |p 73824 |r 2016-05-07 |s 2016-04-19 |w 2012-10-27 |y BK | ||